Statistics for Multiple Super Bowl Wins - Head Coaches

Click here to take the quiz!

General Stats

  • This quiz has been taken 208 times
    (184 since last reset)
  • The average score is 8 of 13

Answer Stats

# of WinsYears ActiveAnswer% Correct
51991-PresentBill Belichick
94%
21959-1969Vince Lombardi
76%
21963-1995Don Shula
71%
21960-1988Tom Landry
70%
21989-1999Jimmy Johnson
67%
31979-1988Bill Walsh
65%
41969-1991Chuck Noll
63%
21988-2013Mike Shanahan
59%
21983-2006Bill Parcells
58%
31981-2007Joe Gibbs
56%
21995-2015Tom Coughlin
53%
21979-1994Tom Flores
46%
21989-2001George Seifert
45%

Score Distribution

Percentile by Number Answered

Percent of People with Each Score

Your Score History

You have not taken this quiz since the last reset